Statistiques concernant Communes Limitrophes de Montreuil

Cliquez ici pour prendre le quiz!

Statistiques générales

  • Ce quiz a été pris 51 fois
  • Le résultat moyen est 7 sur 8

Statistiques - réponses

Communes% Correct
OuestParis
96%
Nord-OuestBagnolet
92%
SudVincennes
88%
EstRosny-sous-Bois
83%
Sud-EstFontenay-sous-Bois
79%
NordRomainville
79%
Nord-Est
Noisy-le-Sec
75%
Sud-OuestSaint-Mandé
69%

Distribution des résultats

Percentile par nombre de réponses

% des personnes avec chaque résultat

Votre développement - résultats

Vous n’avez pas pris ce quiz